000 00445nam a2200181Ia 4500
001 24375
005 20260414151038.0
008 260414t2000||||xx |||||||||||||| ||spa||
041 _aESP
082 _a345.7
_bC31 V. 1
100 _aCarrión Lugo, Jorge
_eAUT
245 0 _aTratado de derecho procesal civil
_b
260 _c2000
300 _axxxii, 461 páginas :
_c24 cm.
650 _aDER
654 _aCDE
942 _cLIB
_dJUS
_fJUS
_2ddc
_n
999 _c24375
_d24375